STATISTICS FOR BUSINESS AND ECONOMICS (Record no. 33649)

MARC details
000 -LEADER
fixed length control field 00354nam a2200157Ia 4500
003 - CONTROL NUMBER IDENTIFIER
control field OSt
005 - DATE AND TIME OF LATEST TRANSACTION
control field 20250219170131.0
008 - FIXED-LENGTH DATA ELEMENTS--GENERAL INFORMATION
fixed length control field 240625s9999 xx 000 0 und d
040 ## - CATALOGING SOURCE
Transcribing agency xyz
041 ## - LANGUAGE CODE
Language code of text/sound track or separate title eng
082 ## - DEWEY DECIMAL CLASSIFICATION NUMBER
Classification number 519.5 AND
100 ## - MAIN ENTRY--PERSONAL NAME
Personal name ANDERSON DAVIS R
245 ## - TITLE STATEMENT
Title STATISTICS FOR BUSINESS AND ECONOMICS
260 ## - PUBLICATION, DISTRIBUTION, ETC.
Date of publication, distribution, etc. 2007
942 ## - ADDED ENTRY ELEMENTS (KOHA)
Source of classification or shelving scheme Dewey Decimal Classification
Koha item type Books
Suppress in OPAC No
Holdings
Withdrawn status Lost status Damaged status Not for loan Home library Current library Shelving location Date acquired Full call number Barcode Date last seen Price effective from Koha item type
        IMTN IMTN Rack 18-A 08/10/2007 519.5 AND CD668 06/25/2024 06/25/2024 CD
Designed & Maintained by: LRC IMT Nagpur Contact: lrc@imtnag.ac.in© 2024. All Rights Reserved.